000 00656nam a2200241 i 4500
001 C2-0286074
003 PPAK
005 20180728015619.0
008 080116s2007 nyu |||| ||||| | eng d
020 _a0486456013
040 _aPPAK
_beng
_cPPAK
_erda
082 0 4 _a398.329162
_223
090 0 0 _a398.329162
_bRAP
_dG
100 1 _aRappoport, Angelo S.,
_eauthor
245 1 0 _aSuperstitions of sailors
264 1 _aNew York :
_bDover Publications ,
_c2007
300 _avii, 200 pages ;
_c21 cm
336 _2rdacontent
_atext
337 _2rdamedia
_aunmediated
338 _2rdacarrier
_avolume
650 1 0 _aFolklore of the sea
942 _ddc
_cB
999 _c91876
_d91876